| 000 | 01029cam a22002655a 4500 | ||
|---|---|---|---|
| 001 | 18009930 | ||
| 005 | 20201128021501.0 | ||
| 008 | 140116t2015 enka frb 001 0 eng d | ||
| 020 | _a1292061359 | ||
| 020 | _a9781292061351 | ||
| 040 |
_aDLC _beng _cDLC _dEG-ScBUE |
||
| 082 | 0 | 4 |
_a005.43 _222 _bSTA |
| 100 | 1 |
_aStallings, William. _92633 |
|
| 245 | 1 | 0 |
_aOperating systems : _binternals and design principles / _cWilliam Stallings. |
| 250 | _a8th ed., Global ed. | ||
| 260 |
_aHarlow : _bPearson Educaion Limited, _cc.2015. |
||
| 300 |
_a763 p. : _bill. (col.) ; _c24 cm. |
||
| 500 | _aOnline access is available to acquire animations & videonotes, supplemental chapters, supplemental appendices & supplemental homework problems with solutions http://www.pearsonglobaleditions.com/stallings | ||
| 500 | _aIndex : p. 733-763. | ||
| 504 | _aBibliography : p. 715-727. | ||
| 650 | 7 |
_aOperating systems (Computers) _2BUEsh _93050 |
|
| 651 | _2BUEsh | ||
| 653 |
_bCOMSCI _cAugust2015 _cJanuary2016 |
||
| 942 |
_2ddc _k005.43 STA |
||
| 999 |
_c20498 _d20470 |
||